000 00382nam a2200169Ia 4500
001 10554
003 IN-NITTTR
005 20251114233058.0
008 251113s9999||||xx |||||||||||||| ||eng||
040 _beng
040 _cIN-NITTTR
041 _aeng
082 _a375 H18C
100 _aHamilton, David
245 0 _aCurriculum evaluation /
_cHamilton, David
942 _2ddc
_cBK
999 _c13191
_d13191